logo

Bir Sreshtho Munshi Abdur Rouf Library
Jhenaidah Cadet College

যুক্তি + তর্ক = বি-তর্ক / (Record no. 10982)

MARC details
000 -LEADER
fixed length control field 00694nam a2200217 a 4500
001 - CONTROL NUMBER
JCCL Control Number 10982
003 - CONTROL NUMBER IDENTIFIER
JCCL marc code BD-JhCC
005 - DATE AND TIME OF LATEST TRANSACTION
control field 20221124134023.0
008 - FIXED-LENGTH DATA ELEMENTS--GENERAL INFORMATION
fixed length control field 190614s20122018bg |||| |||| 000 0 ben d
020 ## - INTERNATIONAL STANDARD BOOK NUMBER
International Standard Book Number 9847028902340
035 ## - SYSTEM CONTROL NUMBER
system control number (BD-JhCC)10982
040 ## - CATALOGING SOURCE
Original cataloging agency BD-JhCC
Modifying agency BD-JhCC
041 ## - LANGUAGE CODE
Language code of Book ben
082 ## - DEWEY DECIMAL CLASSIFICATION NUMBER
Classification number 808.53
Author mark and Year SAR 2018
100 ## - MAIN ENTRY--PERSONAL NAME
Personal name সরকার, রাজীব
245 ## - TITLE STATEMENT
Title যুক্তি + তর্ক = বি-তর্ক /
Statement of responsibility, etc রাজীব সরকার
260 ## - PUBLICATION, DISTRIBUTION, ETC. (IMPRINT)
Place of publication, distribution, etc ঢাকা :
Name of publisher, distributor, etc ইত্যাদি গ্রন্থ প্রকাশ,
Date of publication, distribution, etc ২০১৮
300 ## - PHYSICAL DESCRIPTION
Pagination ১২৭ পৃ. :
Dimensions ২০ সেমি.
650 ## - SUBJECT ADDED ENTRY--TOPICAL TERM
Topical term or geographic name as entry element Debate
942 ## - ADDED ENTRY ELEMENTS (KOHA)
Source of classification or shelving scheme Dewey Decimal Classification
Koha item type Books
Koha issues (borrowed), all copies 3
Holdings
Source of classification or shelving scheme Damaged status Not for loan Home library Current library Shelving location Date of accession Cost, normal purchase price Total Checkouts Full call number Barcode Date last seen Date checked out Copy number Koha item type
Dewey Decimal Classification     JCC Rouf Library JCC Rouf Library General Stacks 06/14/2019 200.00 10 808.53 SAR 2018 15010 12/17/2025 11/12/2025 C-1 Books

JCC Library | Contacts | JCC Home

Last Update on 23 September 2017
Copyright @ 2017-2020 JCC Rouf Library
Rouf Library, Jhenidah Cadet College (JCC), Bangladesh